Player Scramble - VCT 2024 Americas #2 - Statistics

General Stats
  • This quiz has been taken 219 times
  • The average score is 22 of 27
Answer Stats
Hint Answer % Correct
0sm s0m
99%
xoy OXY
98%
ttren trent
98%
asaps aspas
97%
otqjhn johnqt
97%
igkng kiNgg
97%
nzr nzr
97%
shaadka Saadhak
95%
yysh Shyy
95%
hovac havoc
94%
pcdnaaa pANcada
94%
scya Sacy
89%
fale leaf
88%
nzucaain cauanzin
87%
atzrin artzin
84%
etha heat
76%
ihcr rich
75%
carshesi crashies
74%
lyvna valyn
73%
henta Ethan
71%
imozan Mazino
70%
nriu runi
70%
tnkzie keznit
64%
kneezk zekken
64%
reseml Melser
60%
vytina vanity
44%
earntu NaturE
33%
No matching quizzes found
Score Distribution
Percent of People with Each Score
Percentile by Number Answered
Your Score History
You have not taken this quiz